000 00883nam a2200241 a 4500
001 9316
003 BD-RjUL
005 20211208234745.0
008 140120s1959 enk 001 0 eng
035 _a(BD-RjUL)9361
040 _aDLC
_cOCP
_dBD-RjUL
_beng
041 _aeng
082 0 0 _a537.622
_bBAA 1959
_223
100 _aBardeen, J.
_9212667
245 1 0 _aAdvances in semi-conductor science :
_bthe proceedings of the third international conference on semi-conductors held at the university of rochester, U.S.A. August 18-22 /
_cConference chairman: J. Bardeen. General editor: H. Brooks
260 _aLondon :
_bPergamon Press,
_c1959.
300 _aix, 553 p. :
_bill. ;
_c26 cm.
504 _aIncludes bibliographies and index.
650 0 _aSemiconductors
_vCongresses.
_928029
700 _aBrooks, H. ;General editor
_9212668
942 _2ddc
_cBK
999 _c9316
_d9316